[Event "Hillerod op"]
[Site "Hillerod"]
[Date "2014.??.??"]
[Round "2"]
[White "Andersen, Ib Hother"]
[Black "Borg, Flemming"]
[Result "1-0"]
[WhiteElo "2128"]
[BlackElo "1842"]
[PlyCount "83"]
[EventDate "2014.08.26"]
[EventType "swiss"]
[EventRounds "7"]
[EventCountry "DEN"]
[SourceTitle "EXT 2024"]
[Source "ChessBase"]
[SourceDate "2023.10.10"]
[SourceVersion "1"]
[SourceVersionDate "2023.10.10"]
[SourceQuality "1"]

1. e4 d5 2. exd5 Qxd5 3. Nc3 Qa5 4. d4 Nf6 5. Nf3 c6 6. Bc4 Bf5 7. Bd2 e6 8. Qe2 Bb4 9. 0-0-0 Nd5 10. Nxd5 Bxd2+ 11. Qxd2 Qxd2+ 12. Rxd2 cxd5 13. Bb5+ Nc6 14. Ne5 Rc8 15. g4 Bg6 16. h4 f6 17. Nxg6 hxg6 18. Kb1 Kf7 19. c3 a6 20. Bd3 b5 21. a3 Na5 22. f4 Nc4 23. Re2 f5 24. h5 gxh5 25. gxf5 exf5 26. Bxf5 Rce8 27. Rg2 Rh6 28. Rxh5 Re1+ 29. Ka2 Rxh5 30. Bg6+ Kf6 31. Bxh5 Kf5 32. Rxg7 Kxf4 33. Rg2 Rh1 34. Be2 Ne3 35. Rf2+ Kg5 36. a4 Nc4 37. axb5 axb5 38. Bxc4 bxc4 39. Re2 Rf1 40. Re5+ Rf5 41. Rxf5+ Kxf5 42. b3 1-0

[Event "Politiken Cup 35th"]
[Site "Helsingor"]
[Date "2013.07.30"]
[Round "5"]
[White "Borg, Flemming"]
[Black "Spanton, Timothy"]
[Result "0-1"]
[WhiteElo "1855"]
[BlackElo "2015"]
[PlyCount "114"]
[EventDate "2013.07.27"]
[EventType "swiss"]
[EventRounds "10"]
[EventCountry "DEN"]
[SourceTitle "CBM 155 Extra"]
[Source "ChessBase"]
[SourceDate "2013.08.26"]
[SourceVersion "1"]
[SourceVersionDate "2013.08.26"]
[SourceQuality "1"]

1. e4 e5 2. Nc3 Nf6 3. f4 d5 4. fxe5 Nxe4 5. d3 Nxc3 6. bxc3 d4 7. Bb2 Nc6 8. Nf3 Bc5 9. cxd4 Nxd4 10. c3 Nxf3+ 11. Qxf3 0-0 12. d4 Bb6 13. Bc4 Qh4+ 14. Qf2 Qxf2+ 15. Kxf2 Be6 16. Bb3 Bxb3 17. axb3 Rfe8 18. Rhe1 Re6 19. c4 c6 20. Kf3 a6 21. Rad1 Rd8 22. Ke4 Ba5 23. Re2 Bb4 24. d5 cxd5+ 25. cxd5 Ree8 26. Rc1 Bd6 27. Kf3 Bb8 28. Rd1 h6 29. g4 Kh7 30. h4 Kg8 31. h5 Rd7 32. Ke4 f6 33. e6 Rxe6+ 34. dxe6 Rxd1 35. Ba3 Bd6 36. Bxd6 Rxd6 37. Kf5 Rd5+ 38. Kf4 Kf8 39. Rc2 Ke7 40. Rc7+ Kxe6 41. Rxb7 Rb5 42. Rxb5 axb5 43. Ke4 Kd6 44. Kf5 Ke7 45. Kg6 Kf8 46. Kf5 Kf7 47. Ke4 g6 48. Kd5 g5 49. b4 f5 50. gxf5 g4 51. Ke4 Kf6 52. Kf4 g3 53. Kxg3 Kxf5 54. Kf3 Kg5 55. Ke4 Kxh5 56. Kf4 Kg6 57. Kg4 Kf6 0-1

[Event "Politiken Cup 35th"]
[Site "Helsingor"]
[Date "2013.07.28"]
[Round "3"]
[White "Borg, Flemming"]
[Black "Jepsen, Thomas Tange"]
[Result "0-1"]
[WhiteElo "1855"]
[BlackElo "2079"]
[PlyCount "62"]
[EventDate "2013.07.27"]
[EventType "swiss"]
[EventRounds "10"]
[EventCountry "DEN"]
[SourceTitle "CBM 155 Extra"]
[Source "ChessBase"]
[SourceDate "2013.08.26"]
[SourceVersion "1"]
[SourceVersionDate "2013.08.26"]
[SourceQuality "1"]

1. e4 c6 2. d4 d5 3. Nd2 dxe4 4. Nxe4 Nf6 5. Nxf6+ gxf6 6. c3 Bf5 7. Ne2 Bg4 8. Qc2 Bxe2 9. Bxe2 e6 10. Bf4 Bd6 11. Bxd6 Qxd6 12. g3 Nd7 13. 0-0-0 f5 14. Bf3 0-0-0 15. Qa4 Kb8 16. b4 h5 17. b5 Nb6 18. Qb3 cxb5 19. Qxb5 Rc8 20. Rd3 Qa3+ 21. Qb2 Qa6 22. Be2 Qa5 23. Bf3 Rc7 24. Kb1 Na4 25. Qb3 Nxc3+ 26. Ka1 Ne4 27. Bxe4 fxe4 28. Rdd1 Rhc8 29. Rb1 b6 30. Rb2 Rc3 31. Qb4 Rc1+ 0-1

[Event "Nordea Cup-B"]
[Site "Hillerod"]
[Date "2013.04.30"]
[Round "2"]
[White "Nielsen, Frode Benedikt"]
[Black "Borg, Flemming"]
[Result "1-0"]
[WhiteElo "1893"]
[BlackElo "1822"]
[PlyCount "85"]
[EventDate "2013.04.30"]
[EventType "tourn"]
[EventRounds "7"]
[EventCountry "DEN"]
[SourceTitle "EXT 2023"]
[Source "ChessBase"]
[SourceDate "2022.10.05"]
[SourceVersion "1"]
[SourceVersionDate "2022.10.05"]
[SourceQuality "1"]

1. c4 d6 2. g3 e5 3. Bg2 Nf6 4. Nc3 c6 5. e3 Qc7 6. Nge2 Nbd7 7. 0-0 Be7 8. b3 Nf8 9. d4 Ng6 10. d5 c5 11. Qd3 h5 12. Bb2 h4 13. f4 hxg3 14. Nxg3 Bh3 15. Bxh3 Rxh3 16. Nb5 Qd7 17. fxe5 dxe5 18. Qf5 0-0-0 19. Bxe5 Nxe5 20. Qxe5 Bd6 21. Nxd6+ Qxd6 22. Qxd6 Rxd6 23. Rf4 g5 24. Rf5 Ng4 25. Nf1 Rdh6 26. Rxg5 Nxh2 27. Nxh2 Rxh2 28. Rf1 Rxa2 29. Rxf7 Rh8 30. Rgg7 b6 31. d6 Rd8 32. Rc7+ Kb8 33. Rb7+ Ka8 34. Rbd7 Rxd7 35. Rxd7 Kb8 36. e4 Kc8 37. Re7 Re2 38. e5 a6 39. Kf1 Re4 40. Kf2 Rf4+ 41. Ke3 Rf8 42. Ke4 b5 43. Kd5 1-0

[Event "DEN-ch G7-B"]
[Site "Helsingor"]
[Date "2013.04.01"]
[Round "7"]
[White "Marshall, Michael"]
[Black "Borg, Flemming"]
[Result "0-1"]
[WhiteElo "1873"]
[BlackElo "1784"]
[PlyCount "164"]
[EventDate "2013.03.26"]
[EventType "swiss"]
[EventRounds "7"]
[EventCountry "DEN"]
[SourceTitle "EXT 2023"]
[Source "ChessBase"]
[SourceDate "2022.10.05"]
[SourceVersion "1"]
[SourceVersionDate "2022.10.05"]
[SourceQuality "1"]

1. c4 d6 2. g3 e5 3. Bg2 c6 4. d4 Nd7 5. Nc3 Ngf6 6. Nf3 Be7 7. e4 Qc7 8. h3 Nf8 9. Be3 Ng6 10. 0-0 h5 11. h4 Ng4 12. Bg5 0-0 13. Bxe7 Qxe7 14. b4 f5 15. exf5 Bxf5 16. b5 Be6 17. d5 Bd7 18. Ng5 c5 19. Qe2 Nh8 20. Rae1 Nf7 21. Nce4 Nxg5 22. Nxg5 g6 23. f4 Rae8 24. a4 Qg7 25. Ne6 Bxe6 26. dxe6 exf4 27. e7 Rf5 28. Qe6+ Kh7 29. Qxd6 Ne3 30. Rf3 Qxe7 31. Qxe7+ Rxe7 32. gxf4 Nd5 33. Rxe7+ Nxe7 34. Kf2 Rf7 35. Bh3 Ng8 36. f5 Ne7 37. fxg6+ Kxg6 38. Rxf7 Kxf7 39. Kg3 b6 40. Kf4 Kf6 41. Bf1 Ng6+ 42. Kg3 Ke5 43. Be2 Nf4 44. Bf3 Kf5 45. Bd1 Ke4 46. Bf3+ Ke3 47. Bd1 Ne2+ 48. Bxe2 Kxe2 49. Kf4 Kd3 50. Kg5 Kxc4 51. Kxh5 Kb3 52. Kg6 c4 53. h5 c3 54. h6 c2 55. h7 c1Q 56. h8Q Qc2+ 57. Kf7 Qc4+ 58. Kg6 Qe6+ 59. Kg5 Kxa4 60. Qa1+ Kxb5 61. Qxa7 Qe3+ 62. Kf5 Kb4 63. Qa2 Qc5+ 64. Kf6 b5 65. Qb2+ Ka4 66. Ke6 Qc4+ 67. Ke5 b4 68. Kd6 Qd3+ 69. Ke7 b3 70. Ke6 Kb4 71. Qg2 Qa6+ 72. Ke5 Qb5+ 73. Kf4 Ka3 74. Qf3 Qb4+ 75. Kg3 Kb2 76. Qd1 Qc3+ 77. Kg4 Ka2 78. Qe2+ b2 79. Qa6+ Qa3 80. Qe2 Qc3 81. Kf5 Qa5+ 82. Kg4 Ka1 0-1

[Event "DEN-ch G7-B"]
[Site "Helsingor"]
[Date "2013.03.31"]
[Round "6"]
[White "Borg, Flemming"]
[Black "Hansen, Henrik Damgaard"]
[Result "1/2-1/2"]
[WhiteElo "1784"]
[BlackElo "1801"]
[PlyCount "120"]
[EventDate "2013.03.26"]
[EventType "swiss"]
[EventRounds "7"]
[EventCountry "DEN"]
[SourceTitle "EXT 2023"]
[Source "ChessBase"]
[SourceDate "2022.10.05"]
[SourceVersion "1"]
[SourceVersionDate "2022.10.05"]
[SourceQuality "1"]

1. e4 g6 2. d4 Bg7 3. Nc3 d6 4. Be3 a6 5. Qd2 b5 6. f3 Nd7 7. 0-0-0 Bb7 8. g4 e6 9. h4 h5 10. g5 Ne7 11. Nce2 0-0 12. Ng3 c6 13. Bh3 Nb6 14. N1e2 Nc4 15. Qd3 Nxe3 16. Qxe3 Bc8 17. Rhf1 Qc7 18. f4 f5 19. gxf6 Rxf6 20. f5 exf5 21. exf5 Bxf5 22. Bxf5 Nxf5 23. Nxf5 gxf5 24. Rg1 Qf7 25. Kb1 Kh7 26. Qf3 Bh6 27. Ng3 Rg8 28. Nxh5 Rfg6 29. Rgf1 f4 30. Qe4 d5 31. Qd3 Kh8 32. Rde1 Rg4 33. Re5 Rxh4 34. Rf5 Qg6 35. Nxf4 Qg3 36. Qxg3 Rxg3 37. Nd3 Bg7 38. Nb4 Rxd4 39. Nxc6 Re4 40. Rxd5 Rge3 41. Rd8+ Re8 42. Rxe8+ Rxe8 43. a3 Kg8 44. Ka2 Re6 45. Nb4 Rd6 46. Rf5 Bf6 47. Rc5 Kf7 48. Rc6 Rxc6 49. Nxc6 Ke6 50. b4 Kd6 51. Nb8 a5 52. bxa5 Bc3 53. a6 Bd4 54. Kb3 Ba7 55. Kb4 Bxb8 56. Kxb5 Ba7 57. a4 Kd5 58. a5 Kd6 59. c4 Kd7 60. c5 Kc7 1/2-1/2